<?xml version="1.0" encoding="UTF-8"?>
<marc:record xmlns:marc="http://www.loc.gov/MARC21/slim" type="Bibliographic">
   <marc:leader>00000pam a2200000 c 4500</marc:leader>
   <marc:controlfield tag="001">1058974483</marc:controlfield>
   <marc:controlfield tag="003">DE-101</marc:controlfield>
   <marc:controlfield tag="005">20171202020559.0</marc:controlfield>
   <marc:controlfield tag="007">tu</marc:controlfield>
   <marc:controlfield tag="008">141002s2015    au ||||| |||| 00||||ger  </marc:controlfield>
   <marc:datafield ind1=" " ind2=" " tag="015">
      <marc:subfield code="a">15,A07</marc:subfield>
      <marc:subfield code="z">14,N41</marc:subfield>
      <marc:subfield code="2">dnb</marc:subfield>
   </marc:datafield>
   <marc:datafield ind1="7" ind2=" " tag="016">
      <marc:subfield code="2">DE-101</marc:subfield>
      <marc:subfield code="a">1058974483</marc:subfield>
   </marc:datafield>
   <marc:datafield ind1=" " ind2=" " tag="020">
      <marc:subfield code="a">9783703008474</marc:subfield>
      <marc:subfield code="c">kart. : EUR 34.90 (DE), ca. EUR 30.00 (AT), ca. sfr 40.90 (freier Pr.)</marc:subfield>
      <marc:subfield code="9">978-3-7030-0847-4</marc:subfield>
   </marc:datafield>
   <marc:datafield ind1=" " ind2=" " tag="020">
      <marc:subfield code="a">3703008474</marc:subfield>
      <marc:subfield code="9">3-7030-0847-4</marc:subfield>
   </marc:datafield>
   <marc:datafield ind1="3" ind2=" " tag="024">
      <marc:subfield code="a">9783703008474</marc:subfield>
   </marc:datafield>
   <marc:datafield ind1="5" ind2="2" tag="028">
      <marc:subfield code="a">Best.-Nr.: 9847</marc:subfield>
   </marc:datafield>
   <marc:datafield ind1=" " ind2=" " tag="035">
      <marc:subfield code="a">(DE-599)DNB1058974483</marc:subfield>
   </marc:datafield>
   <marc:datafield ind1=" " ind2=" " tag="035">
      <marc:subfield code="a">(OCoLC)892747620</marc:subfield>
   </marc:datafield>
   <marc:datafield ind1=" " ind2=" " tag="040">
      <marc:subfield code="a">1145</marc:subfield>
      <marc:subfield code="b">ger</marc:subfield>
      <marc:subfield code="c">DE-101</marc:subfield>
      <marc:subfield code="d">9999</marc:subfield>
   </marc:datafield>
   <marc:datafield ind1=" " ind2=" " tag="041">
      <marc:subfield code="a">ger</marc:subfield>
   </marc:datafield>
   <marc:datafield ind1=" " ind2=" " tag="044">
      <marc:subfield code="c">XA-AT</marc:subfield>
   </marc:datafield>
   <marc:datafield ind1="0" ind2="4" tag="082">
      <marc:subfield code="8">1\u</marc:subfield>
      <marc:subfield code="a">271.102</marc:subfield>
      <marc:subfield code="q">DE-101</marc:subfield>
      <marc:subfield code="2">22/ger</marc:subfield>
   </marc:datafield>
   <marc:datafield ind1="7" ind2=" " tag="083">
      <marc:subfield code="a">230</marc:subfield>
      <marc:subfield code="a">940</marc:subfield>
      <marc:subfield code="q">DE-101</marc:subfield>
      <marc:subfield code="2">23sdnb</marc:subfield>
   </marc:datafield>
   <marc:datafield ind1=" " ind2=" " tag="085">
      <marc:subfield code="8">1\u</marc:subfield>
      <marc:subfield code="b">271.1</marc:subfield>
   </marc:datafield>
   <marc:datafield ind1=" " ind2=" " tag="085">
      <marc:subfield code="8">1\u</marc:subfield>
      <marc:subfield code="z">2</marc:subfield>
      <marc:subfield code="s">2</marc:subfield>
   </marc:datafield>
   <marc:datafield ind1=" " ind2=" " tag="090">
      <marc:subfield code="a">b</marc:subfield>
   </marc:datafield>
   <marc:datafield ind1="1" ind2=" " tag="100">
      <marc:subfield code="0">(DE-588)122040023</marc:subfield>
      <marc:subfield code="0">http://d-nb.info/gnd/122040023</marc:subfield>
      <marc:subfield code="0">(DE-101)122040023</marc:subfield>
      <marc:subfield code="a">Großruck, Johann</marc:subfield>
      <marc:subfield code="d">1945-</marc:subfield>
      <marc:subfield code="e">Verfasser</marc:subfield>
      <marc:subfield code="4">aut</marc:subfield>
   </marc:datafield>
   <marc:datafield ind1="0" ind2="0" tag="245">
      <marc:subfield code="a">Pater Edmund Pontiller OSB 1889 - 1945</marc:subfield>
      <marc:subfield code="b">ein Osttiroler Glaubenszeuge im Nationalsozialismus</marc:subfield>
      <marc:subfield code="c">Johann Großruck</marc:subfield>
   </marc:datafield>
   <marc:datafield ind1=" " ind2="1" tag="264">
      <marc:subfield code="a">Innsbruck</marc:subfield>
      <marc:subfield code="b">Wagner </marc:subfield>
      <marc:subfield code="c">2015</marc:subfield>
   </marc:datafield>
   <marc:datafield ind1=" " ind2=" " tag="300">
      <marc:subfield code="a">320 S.</marc:subfield>
      <marc:subfield code="b">Ill.</marc:subfield>
      <marc:subfield code="c">24 cm</marc:subfield>
   </marc:datafield>
   <marc:datafield ind1=" " ind2=" " tag="336">
      <marc:subfield code="a">Text</marc:subfield>
      <marc:subfield code="b">txt</marc:subfield>
      <marc:subfield code="2">rdacontent</marc:subfield>
   </marc:datafield>
   <marc:datafield ind1=" " ind2=" " tag="337">
      <marc:subfield code="a">ohne Hilfsmittel zu benutzen</marc:subfield>
      <marc:subfield code="b">n</marc:subfield>
      <marc:subfield code="2">rdamedia</marc:subfield>
   </marc:datafield>
   <marc:datafield ind1=" " ind2=" " tag="338">
      <marc:subfield code="a">Band</marc:subfield>
      <marc:subfield code="b">nc</marc:subfield>
      <marc:subfield code="2">rdacarrier</marc:subfield>
   </marc:datafield>
   <marc:datafield ind1=" " ind2=" " tag="500">
      <marc:subfield code="a">Literaturangaben</marc:subfield>
   </marc:datafield>
   <marc:datafield ind1="1" ind2="7" tag="600">
      <marc:subfield code="0">(DE-588)1066221995</marc:subfield>
      <marc:subfield code="0">http://d-nb.info/gnd/1066221995</marc:subfield>
      <marc:subfield code="0">(DE-101)1066221995</marc:subfield>
      <marc:subfield code="a">Pontiller, Edmund</marc:subfield>
      <marc:subfield code="d">1889-1945</marc:subfield>
      <marc:subfield code="2">gnd</marc:subfield>
   </marc:datafield>
   <marc:datafield ind1="1" ind2="7" tag="600">
      <marc:subfield code="0">(DE-588)1066221995</marc:subfield>
      <marc:subfield code="0">http://d-nb.info/gnd/1066221995</marc:subfield>
      <marc:subfield code="0">(DE-101)1066221995</marc:subfield>
      <marc:subfield code="a">Pontiller, Edmund</marc:subfield>
      <marc:subfield code="d">1889-1945</marc:subfield>
      <marc:subfield code="2">gnd</marc:subfield>
   </marc:datafield>
   <marc:datafield ind1=" " ind2="7" tag="650">
      <marc:subfield code="0">(DE-588)4041316-0</marc:subfield>
      <marc:subfield code="0">http://d-nb.info/gnd/4041316-0</marc:subfield>
      <marc:subfield code="0">(DE-101)040413160</marc:subfield>
      <marc:subfield code="a">Nationalsozialismus</marc:subfield>
      <marc:subfield code="2">gnd</marc:subfield>
   </marc:datafield>
   <marc:datafield ind1=" " ind2="7" tag="650">
      <marc:subfield code="0">(DE-588)4079262-6</marc:subfield>
      <marc:subfield code="0">http://d-nb.info/gnd/4079262-6</marc:subfield>
      <marc:subfield code="0">(DE-101)040792625</marc:subfield>
      <marc:subfield code="a">Widerstand</marc:subfield>
      <marc:subfield code="2">gnd</marc:subfield>
   </marc:datafield>
   <marc:datafield ind1=" " ind2=" " tag="653">
      <marc:subfield code="a">(Produktform)Paperback / softback</marc:subfield>
   </marc:datafield>
   <marc:datafield ind1=" " ind2=" " tag="653">
      <marc:subfield code="a">(Produktform (spezifisch))Paper over boards</marc:subfield>
   </marc:datafield>
   <marc:datafield ind1=" " ind2=" " tag="653">
      <marc:subfield code="a">(VLB-WN)1556: Hardcover, Softcover / Geschichte/20. Jahrhundert (bis 1945)</marc:subfield>
   </marc:datafield>
   <marc:datafield ind1=" " ind2="7" tag="655">
      <marc:subfield code="0">(DE-588)4006804-3</marc:subfield>
      <marc:subfield code="0">http://d-nb.info/gnd/4006804-3</marc:subfield>
      <marc:subfield code="0">(DE-101)040068048</marc:subfield>
      <marc:subfield code="a">Biografie</marc:subfield>
      <marc:subfield code="2">gnd-content</marc:subfield>
   </marc:datafield>
   <marc:datafield ind1=" " ind2="7" tag="655">
      <marc:subfield code="a">Biographie</marc:subfield>
      <marc:subfield code="2">gnd</marc:subfield>
   </marc:datafield>
   <marc:datafield ind1="0" ind2="0" tag="689">
      <marc:subfield code="0">(DE-588)1066221995</marc:subfield>
      <marc:subfield code="0">http://d-nb.info/gnd/1066221995</marc:subfield>
      <marc:subfield code="0">(DE-101)1066221995</marc:subfield>
      <marc:subfield code="D">p</marc:subfield>
      <marc:subfield code="a">Pontiller, Edmund</marc:subfield>
      <marc:subfield code="d">1889-1945</marc:subfield>
   </marc:datafield>
   <marc:datafield ind1="0" ind2="1" tag="689">
      <marc:subfield code="A">f</marc:subfield>
      <marc:subfield code="a">Biographie</marc:subfield>
   </marc:datafield>
   <marc:datafield ind1="0" ind2=" " tag="689">
      <marc:subfield code="5">DE-101</marc:subfield>
      <marc:subfield code="5">DE-101</marc:subfield>
   </marc:datafield>
   <marc:datafield ind1="1" ind2="0" tag="689">
      <marc:subfield code="0">(DE-588)1066221995</marc:subfield>
      <marc:subfield code="0">http://d-nb.info/gnd/1066221995</marc:subfield>
      <marc:subfield code="0">(DE-101)1066221995</marc:subfield>
      <marc:subfield code="D">p</marc:subfield>
      <marc:subfield code="a">Pontiller, Edmund</marc:subfield>
      <marc:subfield code="d">1889-1945</marc:subfield>
   </marc:datafield>
   <marc:datafield ind1="1" ind2="1" tag="689">
      <marc:subfield code="0">(DE-588)4041316-0</marc:subfield>
      <marc:subfield code="0">http://d-nb.info/gnd/4041316-0</marc:subfield>
      <marc:subfield code="0">(DE-101)040413160</marc:subfield>
      <marc:subfield code="D">s</marc:subfield>
      <marc:subfield code="a">Nationalsozialismus</marc:subfield>
   </marc:datafield>
   <marc:datafield ind1="1" ind2="2" tag="689">
      <marc:subfield code="0">(DE-588)4079262-6</marc:subfield>
      <marc:subfield code="0">http://d-nb.info/gnd/4079262-6</marc:subfield>
      <marc:subfield code="0">(DE-101)040792625</marc:subfield>
      <marc:subfield code="D">s</marc:subfield>
      <marc:subfield code="a">Widerstand</marc:subfield>
   </marc:datafield>
   <marc:datafield ind1="1" ind2=" " tag="689">
      <marc:subfield code="5">DE-101</marc:subfield>
      <marc:subfield code="5">DE-101</marc:subfield>
   </marc:datafield>
   <marc:datafield ind1=" " ind2=" " tag="850">
      <marc:subfield code="a">DE-101a</marc:subfield>
   </marc:datafield>
   <marc:datafield ind1="4" ind2="2" tag="856">
      <marc:subfield code="m">B:DE-101</marc:subfield>
      <marc:subfield code="q">application/pdf</marc:subfield>
      <marc:subfield code="u">http://d-nb.info/1058974483/04</marc:subfield>
      <marc:subfield code="3">Inhaltsverzeichnis</marc:subfield>
   </marc:datafield>
   <marc:datafield ind1="r" ind2=" " tag="925">
      <marc:subfield code="a">ra</marc:subfield>
   </marc:datafield>
</marc:record>
